<?xml version="1.0" encoding="UTF-8"?>
<marc:record xmlns:marc="http://www.loc.gov/MARC21/slim">
   <marc:leader>00000nam a2200000 a 4500</marc:leader>
   <marc:datafield ind1="1" ind2=" " tag="100">
      <marc:subfield code="a">Petrowitz, Michael</marc:subfield>
      <marc:subfield code="4">aut</marc:subfield>
      <marc:subfield code="e">Verfasser/-in</marc:subfield>
   </marc:datafield>
   <marc:datafield ind1="1" ind2=" " tag="100">
      <marc:subfield code="a">Rupp, Dominik</marc:subfield>
   </marc:datafield>
   <marc:datafield ind1=" " ind2=" " tag="653">
      <marc:subfield code="a">Abenteuer</marc:subfield>
   </marc:datafield>
   <marc:datafield ind1=" " ind2=" " tag="653">
      <marc:subfield code="a">Fußball</marc:subfield>
   </marc:datafield>
   <marc:datafield ind1=" " ind2=" " tag="653">
      <marc:subfield code="a">Lesen lernen</marc:subfield>
   </marc:datafield>
   <marc:datafield ind1=" " ind2=" " tag="653">
      <marc:subfield code="a">Leselöwen</marc:subfield>
   </marc:datafield>
   <marc:datafield ind1="0" ind2="0" tag="245">
      <marc:subfield code="a">Die krasse Kicker-Klasse</marc:subfield>
   </marc:datafield>
   <marc:datafield ind1="0" ind2="0" tag="245">
      <marc:subfield code="b">Leselöwen 3. Klasse</marc:subfield>
   </marc:datafield>
   <marc:datafield ind1="0" ind2="0" tag="245">
      <marc:subfield code="c">Michael Petrowitz ; illustriert von Dominik Rupp</marc:subfield>
   </marc:datafield>
   <marc:datafield ind1=" " ind2="1" tag="264">
      <marc:subfield code="a">Bindlach</marc:subfield>
      <marc:subfield code="b">Loewe</marc:subfield>
      <marc:subfield code="c">2024</marc:subfield>
   </marc:datafield>
   <marc:datafield ind1="1" ind2=" " tag="520">
      <marc:subfield code="a">Quelle: bn.bibliotheksnachrichten (http://www.biblio.at/literatur/bn/index.html); &lt;br/&gt;Autor: Anna Goiginger; &lt;br/&gt;Fulminante Fußball-Detektivgeschichte. (ab 8) (JE)&lt;br/&gt;Die vierten Klassen der Schule duellieren sich in den Pausen im Fußball, und jede Mannschaft beansprucht für sich, die beste zu sein. Lehrer Leiker schlägt vor, dass am Bolzplatz entschieden werden soll, welche Klasse den Titel »Krasseste Kicker-Klasse« bekommt. Nun heißt es, sich bestmöglich auf das Spiel vorzubereiten. Das Training der 4a rund um Tobi und Basti wird jedoch bald unterbrochen, denn die C-Jugend bringt sich in Position und hat Platzvorrecht. Bastis Bruder Olli spielt dort und hat sogar Ambitionen, in die Jugendnationalmannschaft aufzusteigen. Heute jedoch sieht er abgeschlagen aus.&lt;br/&gt;Am nächsten Tag sorgt ein Zwischenfall für ziemlichen Tumult: Der Schuppen am Bolzplatz, in dem die Fußballer erst gestern noch trainiert hatten, wurde in Brand gesetzt  die Kapitänsbinde der 4a als Indiz ist gesichert. Als plötzlich Tobi unter Verdacht gerät, beginnt er, auf eigene Faust zu ermitteln, und ertappt den Übeltäter auf frischer Tat bei einem erneuten Brandanschlag. Selbstverständlich wird das wichtige Spiel am Ende ausgeführt, und die »Krasseste Kicker-Klasse« gekürt.&lt;br/&gt;Leseanfänger*innen im 2. Lesejahr dürften mit diesem Buch viel Freude haben, da einerseits die Handlung sehr spannend ist und andererseits die großflächige Bebilderung in Comic-Stripes die Geschichte als Seherlebnis gekonnt begleitet. Abgerundet wird das Buch auf den letzten Seiten durch die Erklärung fußballspezifischer Ausdrücke wie »Fairplay« oder »Schwalbe«. Sehr ansprechend und motivierend.</marc:subfield>
   </marc:datafield>
   <marc:datafield ind1=" " ind2=" " tag="020">
      <marc:subfield code="a">9783743217454</marc:subfield>
      <marc:subfield code="9">9783743217454</marc:subfield>
   </marc:datafield>
   <marc:datafield ind1=" " ind2=" " tag="041">
      <marc:subfield code="a">ger</marc:subfield>
   </marc:datafield>
   <marc:datafield ind1=" " ind2=" " tag="300">
      <marc:subfield code="b">Illustrationen</marc:subfield>
   </marc:datafield>
   <marc:datafield ind1="1" ind2=" " tag="521">
      <marc:subfield code="a">0</marc:subfield>
   </marc:datafield>
   <marc:datafield ind1=" " ind2=" " tag="300">
      <marc:subfield code="a">59 Seiten</marc:subfield>
   </marc:datafield>
</marc:record>
